Most Common Dog Breeds in America - Statistics

General Stats
  • This quiz has been taken 619 times
  • The average score is 4 of 10
Answer Stats
# of Registrations Dog Breed % Correct
42,962 Golden Retriever
83%
29,939 Poodle
71%
123,760 Labrador Retriever
57%
43,575 German Shepherd
55%
39,484 Beagle
45%
35,388 Boxer
25%
27,282 Shih Tzu
24%
48,346 Yorkshire Terrier
24%
36,033 Dachshund
23%
22,920 Miniature Schnauzer
2%
No matching quizzes found
Score Distribution
Percent of People with Each Score
Percentile by Number Answered
Your Score History
You have not taken this quiz